000
00293nam a22000977a 4500
999
_c
507509
_d
507509
082
_a
A42x54 A/1986/Pt1
100
_a
India. Ministry of Law, Justice and Company Affairs
_9
1859
245
_a
Acts of Parliament
_c
by Ministry of Law, Justice and Company Affairs
260
_a
Delhi
300
_a
350p.